000 00585nam a2200181 i 4500
001 79888
003 ES-MaACL
005 20230906174056.0
007 t|
008 041025s1978 sp ||||1| spa d
100 1 _aHesíodo.
_963451
245 1 0 _aObras y fragmentos /
_cHesíodo ; introducción, traducción y notas de Aurelio Pérez Jiménez y Alfonso Martínez Díez.
260 _a[Madrid] :
_bGredos,
_c[1978]
300 _a439 p. ;
_c20 cm.
700 1 _aPérez Jiménez, Aurelio.
_990951
700 1 _aMartínez Díez, Alfonso.
_978058
852 _aES-MaACL
_jA-10415
_bR.98570
999 _c79888
_d79888